Statystyki dla Polskie miasta na literę T

Kliknij tutaj aby rozwiązać quiz!

Ogólne statystyki

  • Ten quiz został rozwiązany 352 razy
  • Średni wynik to 4 z 6

Statystyki odpowiedzi

WojewództwoMiasto% Poprawnych
MałopolskieTarnów
88%
Kujawsko-PomorskieToruń
86%
ŚląskieTychy
69%
PomorskieTczew
60%
ŚląskieTarnowskie Góry
46%
ŁódzkieTomaszów Mazowiecki
46%

Rozkład punktacji

Percentyl według liczby udzielonych odpowiedzi

Procent ludzi z każdym wynikiem

Twoja historia wyników

Nie rozwiązałeś tego quizu